| 000 | 02678cam a22005174i 4500 | ||
|---|---|---|---|
| 003 | PE-LiUPU | ||
| 005 | 20250731173115.0 | ||
| 008 | 190320s2018 mau rb 000 0 grc d | ||
| 020 | _a1683071859 | ||
| 020 | _a9781683071853 | ||
| 035 | _a(Sirsi) a251997 | ||
| 040 |
_aPE-LiUPU _bspa _cPE-LiUPU _erda _dPE-LiUPU _erda |
||
| 049 | _aPRUA | ||
| 082 | 0 | 4 |
_a221.48 _bB52 _223 |
| 130 |
_aBiblia. _pAntiguo Testamento. _lGriego. _sSeptuaginta. _f2018. |
||
| 245 | 1 | 0 |
_aSeptuaginta : _ba reader's edition / _cedited by Gregory R. Lanier and William A. Ross. |
| 264 | 1 |
_aPeabody : _b Hendrickson Publishers Marketing, LLC, _c[2018]. |
|
| 300 |
_a2 volumenes ; _c25 centímetros |
||
| 336 |
_atext _2rdacontent |
||
| 337 |
_aunmediated _2rdamedia |
||
| 338 |
_avolume _2rdacarrier |
||
| 504 | _aBibliografía: páginas xx-xxiv. | ||
| 505 | 0 |
_aVolumen I, _tGenesis - 4 Maccabees. _aGenesis -- Exodus -- Leviticus -- Numbers -- Deuteronomy -- Joshua -- Judges -- Ruth -- 1Kingdoms (1 Samuel) -- 2 Kingdoms (2 Samuel) -- 3 Kingdoms (1Kings) -- 4 Kingdoms (2Kings) -- 1 Chronicles -- 2 Chronicles -- 1 Esdras -- 2 Esdras (Ezra-Nehemiah) -- Esther -- Judith -- Tobit -- 1 Maccabees -- 2 Maccabees -- 3 Maccabees -- 4 Maccabees. |
|
| 505 | 0 |
_aVolumen II, _Psalms - Bel and the Dragon. _aPsalms -- Prayer of Manasseh -- Proverbs -- Ecclesiastes -- Song of songs -- Job -- Wisdom of Salomon -- Wisdom of Ben Sira (Sirach / Ecclesiasticus) -- Psalms of Solomon -- Hosea --Amos -- Micah -- Joel -- Obadiah -- Jonah -- Nahum -- Habakkuk -- Zephaniah -- Haggai -- Zechariah -- Malachi -- Isaiah -- Jeremiah -- Buruch -- Lamentations -- Epistle of Jeremiah -- Ezekiel -- Susanna -- Daniel -- Bel and the dragon. |
|
| 526 | _aSEG42 | ||
| 526 | _aSEG41 | ||
| 526 | _aSEG40 | ||
| 526 | _aSEG39 | ||
| 526 | _aP94 | ||
| 526 | _aP87 | ||
| 526 | _aP86 | ||
| 526 | _aP85 | ||
| 526 | _aP77 | ||
| 526 | _aP76 | ||
| 526 | _aP35 | ||
| 630 | 0 | 0 |
_aBiblia. _pAntiguo Testamento _lGriego _xVersiones _xSeptuaginta. |
| 700 | 1 |
_aLanier, Gregory R., _eeditor. |
|
| 700 | 1 |
_aRoss, William A., _eeditor. |
|
| 910 |
_adbm _bsag _csag _d20190320 |
||
| 942 |
_2ddc _cBOOK |
||
| 994 |
_aC0 _bPEPRU |
||
| 596 | _a1 | ||
| 999 |
_a221.48 B52 1 _wLC _c31255 _i80086 _d31255 _f2021-11-9 _g2 _lCCODEBUL1 _mBUL _p59.98 _q6 _r0 _sY _tBOOK _u2019-3-20 _xTEOLOGIA _PP35 _0COMPRA _o.STAFF. Colección Teología |
||
| 999 |
_a221.48 B52 2 _wDEWEY _c1 _i80087 _d2019-10-9 _e2019-10-4 _f2021-11-9 _g2 _lCCODEBUL1 _mBUL _n3 _p59.98 _r0 _sY _tBOOK _u2019-3-20 _xTEOLOGIA _PP35 _0COMPRA _o.STAFF. Colección Teología |
||
| 980 |
_81 _gALBERTO SANCHEZ Responsable de Automatización |
||